LDR 01114naa#a2200169#i#450# 001 RU\INFRA-M\bibl\114873 005 20260513205625.3 011 ## _a2587-9103 100 ## _a20260430b2026####ek#y0rusy0150####ca 102 ## _aRU 200 1# _aИнфографика как средство повышения мотивации иностранных студентов экономического профиля к коммуникации на русском языке _eЖурнальная статья 210 1# _aМосква _cОбщество с ограниченной ответственностью «Научно-издательский центр ИНФРА-М» _d2026 215 ## _a7 с. 608 ## _aЖурнальная статья _2local 675 ## _aНародное образование. Воспитание. Обучение. Организация досуга. 37 _aВысшее образование. Высшая школа. Подготовка научных кадров. 378 _aЛингвистика. Языкознание. Языки. 81 _z 700 #1 _aБаукова _gМ. А. 856 4# _anaukaru.ru _u